Engaging bioethics : (Record no. 52303)
[ view plain ]
| 000 -LEADER | |
|---|---|
| fixed length control field | 00573nam a2200217Ia 4500 |
| 005 - DATE AND TIME OF LATEST TRANSACTION | |
| control field | 20260429112105.0 |
| 008 - FIXED-LENGTH DATA ELEMENTS--GENERAL INFORMATION | |
| fixed length control field | 260429s9999||||xx |||||||||||||| ||und|| |
| 020 ## - INTERNATIONAL STANDARD BOOK NUMBER | |
| International Standard Book Number | 9781032189185 |
| 041 ## - LANGUAGE CODE | |
| Language | English |
| 082 ## - DEWEY DECIMAL CLASSIFICATION NUMBER | |
| Classification number | 174.2 |
| Item number | SEA |
| 100 ## - MAIN ENTRY--PERSONAL NAME | |
| Personal name | Seay, Gary |
| 245 #0 - TITLE STATEMENT | |
| Title | Engaging bioethics : |
| Remainder of title | an introduction with case studies / |
| Statement of responsibility, etc | Gary Seay |
| 250 ## - EDITION STATEMENT | |
| Edition statement | 2nd ed. |
| 260 ## - PUBLICATION, DISTRIBUTION, ETC. (IMPRINT) | |
| Place of publication, distribution, etc | New York : |
| Name of publisher, distributor, etc | Routledge, |
| Date of publication, distribution, etc | 2024. |
| 300 ## - PHYSICAL DESCRIPTION | |
| Extent | xvii, 459 p.; pbk |
| 650 ## - SUBJECT ADDED ENTRY--TOPICAL TERM | |
| Topical term or geographic name as entry element | Moral issues |
| 650 ## - SUBJECT ADDED ENTRY--TOPICAL TERM | |
| Topical term or geographic name as entry element | Society |
| 650 ## - SUBJECT ADDED ENTRY--TOPICAL TERM | |
| Topical term or geographic name as entry element | Bioethics |
| 700 ## - ADDED ENTRY--PERSONAL NAME | |
| Personal name | Nuccetelli, Susana |
| 942 ## - ADDED ENTRY ELEMENTS (KOHA) | |
| Koha item type | Text Books |
| Withdrawn status | Lost status | Damaged status | Not for loan | Collection code | Home library | Location | Shelving location | Date of Cataloging | Source of acquisition | Total Checkouts | Full call number | Barcode | Date last seen | Price effective from | Koha item type |
|---|---|---|---|---|---|---|---|---|---|---|---|---|---|---|---|
| Non-fiction | CUTN Central Library | CUTN Central Library | Philosophy & psychology | 29/04/2026 | Atlantic Publishers and Distributors, Chennai - Invoice No. 3013317 on 17-02-2026 | 174.2 SEA | 57379 | 29/04/2026 | 29/04/2026 | Text Books |
